| 000 | 00453nam a2200193Ia 4500 | ||
|---|---|---|---|
| 005 | 20240604043708.0 | ||
| 008 | 240331s9999 xx 000 0 und d | ||
| 020 | _a041505902x | ||
| 082 |
_bGAR _a346 |
||
| 100 | _aGardner, J.F | ||
| 245 | 0 |
_aWomen in Roman law andsociety _cJane F. Gardner |
|
| 250 | _a1 st | ||
| 260 |
_aLondon _bCroom Helm Ltd _c1987 |
||
| 300 | _a281 p ., | ||
| 650 | _aWomen | ||
| 650 | _aLaw | ||
| 650 | _aSocial | ||
| 942 | _cL | ||
| 999 |
_c2844 _d2844 |
||